[Event "POL-ch U13 Girls Qual"]
[Site "Jastrzebia Gora"]
[Date "2021.11.21"]
[Round "9"]
[White "Mansz, Martyna"]
[Black "Feliks, Agnieszka"]
[Result "1-0"]
[WhiteElo "1067"]
[BlackElo "1145"]
[PlyCount "119"]
[EventDate "2021.11.15"]
[EventType "swiss"]
[EventRounds "9"]
[EventCountry "POL"]
[SourceTitle "EXT 2023"]
[Source "ChessBase"]
[SourceDate "2022.10.05"]
[SourceVersion "1"]
[SourceVersionDate "2022.10.05"]
[SourceQuality "1"]

1. c4 e5 2. g3 Nc6 3. Bg2 f5 4. e3 Nf6 5. d4 d6 6. Nc3 g6 7. d5 Ne7 8. f3 Bg7 9. e4 Bd7 10. Be3 h6 11. h4 c6 12. Qd2 cxd5 13. cxd5 fxe4 14. fxe4 Ng4 15. 0-0-0 Nxe3 16. Qxe3 h5 17. Kb1 Bg4 18. Rf1 a6 19. Nf3 Bxf3 20. Rxf3 Bh6 21. Qe2 Qb6 22. Bh3 Rf8 23. Rxf8+ Kxf8 24. Qf3+ Ke8 25. Rf1 Qe3 26. Qf7+ Kd8 27. Qe6 Kc7 28. Qxe7+ Kb6 29. Qxd6+ Ka7 30. Qxe5 Rf8 31. Rd1 Rf2 32. Qd4+ Qxd4 33. Rxd4 Rf3 34. e5 Bg7 35. d6 Bxe5 36. d7 Bc7 37. Ne2 Re3 38. Rd2 Bd8 39. Kc2 Kb6 40. Kd1 Kc6 41. Bg2+ Kb6 42. Rc2 Rd3+ 43. Rd2 Rxd2+ 44. Kxd2 Kc7 45. Bh3 g5 46. hxg5 Bxg5+ 47. Nf4 h4 48. Ke2 Bd8 49. Ne6+ Kxd7 50. Nxd8+ Kxd8 51. gxh4 b6 52. h5 Ke7 53. h6 Kf6 54. h7 Kg7 55. Bf5 b5 56. Kd3 a5 57. Kd4 b4 58. b3 a4 59. bxa4 Kh8 60. a5 1-0

[Event "POL-ch U13 Girls Qual"]
[Site "Jastrzebia Gora"]
[Date "2021.11.19"]
[Round "7"]
[White "Feliks, Agnieszka"]
[Black "Najdecka, Laura"]
[Result "1/2-1/2"]
[WhiteElo "1145"]
[BlackElo "1130"]
[PlyCount "80"]
[EventDate "2021.11.15"]
[EventType "swiss"]
[EventRounds "9"]
[EventCountry "POL"]
[SourceTitle "EXT 2023"]
[Source "ChessBase"]
[SourceDate "2022.10.05"]
[SourceVersion "1"]
[SourceVersionDate "2022.10.05"]
[SourceQuality "1"]

1. e4 c6 2. d4 d5 3. Nd2 h6 4. c3 dxe4 5. Nxe4 Bf5 6. Ng3 Bh7 7. Bd3 Bxd3 8. Qxd3 e6 9. Nf3 Nf6 10. Be3 Be7 11. 0-0-0 Nbd7 12. h3 Qc7 13. Kb1 c5 14. dxc5 Bxc5 15. Bxc5 Qxc5 16. Qd4 Rd8 17. Qxc5 Nxc5 18. Rxd8+ Kxd8 19. Ne5 Ke7 20. Rd1 Ncd7 21. Nxd7 Nxd7 22. Ne4 Rd8 23. Kc2 f5 24. Ng3 Nf6 25. Re1 g6 26. Ne2 a5 27. Nf4 Ne4 28. Nxg6+ Kf6 29. f3 Rd2+ 30. Kc1 Kxg6 31. fxe4 Rxg2 32. exf5+ Kxf5 33. Rd1 e5 34. Rd5 b6 35. a4 Rg6 36. b4 axb4 37. cxb4 Kf4 38. a5 bxa5 39. bxa5 Re6 40. Rb5 e4 1/2-1/2

[Event "POL-ch U13 Girls Qual"]
[Site "Jastrzebia Gora"]
[Date "2021.11.18"]
[Round "6"]
[White "Myslowska, Zofia"]
[Black "Feliks, Agnieszka"]
[Result "1-0"]
[WhiteElo "1101"]
[BlackElo "1145"]
[PlyCount "93"]
[EventDate "2021.11.15"]
[EventType "swiss"]
[EventRounds "9"]
[EventCountry "POL"]
[SourceTitle "EXT 2023"]
[Source "ChessBase"]
[SourceDate "2022.10.05"]
[SourceVersion "1"]
[SourceVersionDate "2022.10.05"]
[SourceQuality "1"]

1. e4 e5 2. f4 f6 3. fxe5 Qe7 4. Nf3 fxe5 5. Nc3 Nc6 6. Bc4 h6 7. d3 Nf6 8. 0-0 d6 9. Nh4 Bg4 10. Nf3 0-0-0 11. Nd5 Nxd5 12. Bxd5 Nd4 13. Be3 Nxf3+ 14. gxf3 Bh3 15. Re1 Qf6 16. Kf2 g5 17. Rg1 Be7 18. Ke1 Rdf8 19. Rg3 g4 20. fxg4 Qf1+ 21. Kd2 Bh4 22. Qxf1 Bxf1 23. Rg1 Bh3 24. Bxa7 b6 25. a4 Rf2+ 26. Kc3 Bd8 27. a5 bxa5 28. Bxf2 Rh7 29. Bc6 Bg5 30. Rxa5 Kd8 31. Ra8+ Ke7 32. Rg3 Bh4 33. Rxh3 Bxf2 34. Re8+ Kf6 35. Rf3+ Kg5 36. Rxf2 Kxg4 37. Rg8+ Kh4 38. Rf5 Re7 39. Be8 Rxe8 40. Rxe8 c6 41. Rh8 d5 42. Rxh6+ Kg4 43. Rg6+ Kh4 44. Rf8 Kh5 45. Rg3 d4+ 46. Kd2 c5 47. Rh8# 1-0

[Event "POL-ch U14 Girls"]
[Site "Uniejow"]
[Date "2021.07.25"]
[Round "9"]
[White "Makarec, Anna"]
[Black "Feliks, Agnieszka"]
[Result "1/2-1/2"]
[WhiteElo "1206"]
[BlackElo "1156"]
[PlyCount "77"]
[EventDate "2021.07.18"]
[EventType "swiss"]
[EventRounds "9"]
[EventCountry "POL"]
[SourceTitle "EXT 2022"]
[Source "ChessBase"]
[SourceDate "2021.10.06"]
[SourceVersion "1"]
[SourceVersionDate "2021.10.06"]
[SourceQuality "1"]

1. e4 c5 2. Nc3 Nc6 3. g3 g6 4. Bg2 Bg7 5. Nge2 e6 6. 0-0 Nge7 7. d3 d5 8. exd5 exd5 9. Bf4 0-0 10. Qd2 Re8 11. Rfe1 b6 12. Bh6 Bb7 13. Bxg7 Kxg7 14. d4 Na5 15. Rad1 Nc4 16. Qc1 Nf5 17. dxc5 bxc5 18. Bxd5 Bxd5 19. Nxd5 Nd4 20. Nxd4 Rxe1+ 21. Rxe1 Qxd5 22. Nb3 Rd8 23. f4 Nd2 24. Nxd2 Qxd2 25. Qxd2 Rxd2 26. Rc1 Kf6 27. a4 a5 28. b3 Kf5 29. h3 Ke4 30. g4 Kxf4 31. Rf1+ Kg3 32. Rxf7 Rxc2 33. Kf1 Kxh3 34. Rxh7+ Kxg4 35. Ra7 Rb2 36. Rxa5 Rxb3 37. Rxc5 Ra3 38. Rc6 Rxa4 39. Rxg6+ 1/2-1/2

[Event "POL-ch U14 Girls"]
[Site "Uniejow"]
[Date "2021.07.22"]
[Round "6"]
[White "Feliks, Agnieszka"]
[Black "Staniewicz, Adrianna"]
[Result "1/2-1/2"]
[WhiteElo "1156"]
[BlackElo "1301"]
[PlyCount "92"]
[EventDate "2021.07.18"]
[EventType "swiss"]
[EventRounds "9"]
[EventCountry "POL"]
[SourceTitle "EXT 2022"]
[Source "ChessBase"]
[SourceDate "2021.10.06"]
[SourceVersion "1"]
[SourceVersionDate "2021.10.06"]
[SourceQuality "1"]

1. e4 c5 2. Nf3 e6 3. d4 cxd4 4. Nxd4 a6 5. Bd3 Qc7 6. 0-0 Nf6 7. a4 Bc5 8. Nb3 Ba7 9. Kh1 h5 10. Qe2 Nc6 11. Bd2 Ng4 12. f4 d6 13. h3 Bd7 14. g3 Nf6 15. Be3 Bxe3 16. Qxe3 d5 17. e5 Ng8 18. N1d2 Nge7 19. Nd4 g6 20. c3 Nxd4 21. Qxd4 Nc6 22. Qf2 Ne7 23. Kg1 Rb8 24. Nf3 Bc6 25. Nd4 Qd7 26. Nxc6 Nxc6 27. Qe2 Qc7 28. Rfc1 Na5 29. Ra3 Qb6+ 30. Qf2 Qxf2+ 31. Kxf2 Ke7 32. c4 dxc4 33. Bxc4 Rhc8 34. Rac3 Nxc4 35. Rxc4 Rxc4 36. Rxc4 Kd7 37. Ke3 Rc8 38. Rxc8 Kxc8 39. b4 Kc7 40. Kd4 Kc6 41. Kc4 b5+ 42. axb5+ axb5+ 43. Kd4 Kb6 44. h4 Kc6 45. Ke4 Kb6 46. Kd4 Kc6 1/2-1/2

[Event "POL-ch U14 Girls"]
[Site "Uniejow"]
[Date "2021.07.21"]
[Round "5"]
[White "Kicinska, Magdalena"]
[Black "Feliks, Agnieszka"]
[Result "1/2-1/2"]
[WhiteElo "1315"]
[BlackElo "1156"]
[PlyCount "80"]
[EventDate "2021.07.18"]
[EventType "swiss"]
[EventRounds "9"]
[EventCountry "POL"]
[SourceTitle "EXT 2022"]
[Source "ChessBase"]
[SourceDate "2021.10.06"]
[SourceVersion "1"]
[SourceVersionDate "2021.10.06"]
[SourceQuality "1"]

1. d4 Nf6 2. Nf3 g6 3. Bg5 Bg7 4. c3 0-0 5. Nbd2 d6 6. e4 h6 7. Bh4 Qe8 8. Bc4 e5 9. dxe5 dxe5 10. 0-0 b6 11. Bg3 Nbd7 12. Bb5 Nh5 13. Nc4 Nxg3 14. hxg3 a6 15. Bc6 Rb8 16. Ncxe5 Bxe5 17. Bxd7 Qxd7 18. Nxe5 Qb5 19. Qd5 Qxd5 20. exd5 Re8 21. Rfe1 Bb7 22. Nc6 Bxc6 23. dxc6 Kg7 24. Rad1 Rbd8 25. Kf1 Rxe1+ 26. Kxe1 Rxd1+ 27. Kxd1 Kf6 28. Ke2 Ke6 29. Ke3 f6 30. Kd4 Kd6 31. a4 Kxc6 32. b4 Kd6 33. c4 c5+ 34. bxc5+ bxc5+ 35. Ke4 a5 36. g4 Ke6 37. f4 Kd6 38. f5 g5 39. g3 Kc6 40. Ke3 Kd6 1/2-1/2